000 00449 a2200181 4500
001 145083
040 _cLeonardo Da Vinci
041 _aPortuguês
082 _a18 D111
_bD111
100 _aMASTRAL, Daniel
_aMASTRAL, Isabela
245 _aVoz do que clama no deserto
250 _a18º ed.
260 _bEditora Naos
_c2005
_aSão Paulo
300 _a511
362 _a20050000
697 _aConduta de vida
_aBatalha Espiritual
942 _cBK
999 _c145083
_d145083